Nutrición de peces comerciales en estanques

Tallennettuna:
Bibliografiset tiedot
Päätekijä: Hepher, Balfour (Tekijä)
Aineistotyyppi: Kirja
Kieli:espanja
Julkaistu: Ciudad de México Limusa 1993
Aiheet:
Tagit: Lisää tagi
Ei tageja, Lisää ensimmäinen tagi!

MARC

LEADER 00000nam a2200000 a 4500
001 UCO9174
003 CL-VaPUC
008 010119e19930000MX |||||||||||||||||spa|d
082 0 4 |a 639.3  |b HEP  |2 21 
100 |a Hepher, Balfour  |e author  |9 454156 
245 1 0 |a Nutrición de peces comerciales en estanques 
300 |a 406 p 
942 |c BK 
945 |d 20010119 00:00:00  |a cmena 
260 |a Ciudad de México  |b Limusa  |c 1993 
650 7 |a PISCICULTURA  |2 CL-VaPUC  |9 259974 
650 7 |a ESTANQUES DE CULTIVO  |2 CL-VaPUC  |9 454157 
650 0 |a Nutrición animal  |9 389503 
583 |a last modification  |c 20010119 00:00:00  |k Rodrigo Vera 
999 |c 293453  |d 293451 
952 |0 0  |1 0  |4 0  |6 639_300000000000000_HEP_1993  |7 0  |8 CCM  |9 345002  |a BIBCUR  |b BIBCUR  |d 2019-11-20  |i 3685543  |o 639.3 HEP 1993  |p 3685543  |r 2025-04-22  |w 2019-11-20  |y BK  |k RNT